USE-less Presidents Quiz Stats

Quiz Updated Jan 5, 2018

Challenge
Share
Tweet
Embed
Score 0/10 Timer 02:00
2 Plays Today
US President % Correct
Barack Obama
95.6%
Bill Clinton
87.4%
Abraham Lincoln
82%
Richard Nixon
79.2%
Gerald Ford
78.6%
Ulysses S. Grant
71.4%
William Taft
70.9%
James K. Polk
68.6%
Zachary Taylor
50.8%
Warren G. Harding
44%

You're not logged in!

Compare scores with friends on all Sporcle quizzes.
Join for Free
OR
Log In

You Might Also Like...

Show Comments

Extras

Top Quizzes Today


Score Distribution

Your Account Isn't Verified!

In order to create a playlist on Sporcle, you need to verify the email address you used during registration. Go to your Sporcle Settings to finish the process.

Report this User

Report this user for behavior that violates our Community Guidelines.

Details: